000 00870nam a2200253 4500
003 OSt
005 20260601193528.0
008 260422b2003 xxu |||| |||| 00| 0 eng d
020 _a1578518261 (papel alcalino)
040 _aICI
_bspa
_cICI
050 4 _aHF5415.32
_bZ35
100 1 _aZaltman, Gerald,
_936078
245 1 _aHow customers think :
_bessential insights into the mind of the market /
_cGerald Zaltman
264 _bHarvard Business School,
_cc2003
_aBoston, Massachusetts :
300 _a323 páginas
_c24cm.
336 _atexto
_2rdacontent
337 _asin medio
_2rdamedia
338 _avolumen
_2rdacarrier
650 4 _aComportamiento del consumidor
_xAspectos psicológicos
_936079
650 4 _aConsumidores
_xActitudes
_936080
650 4 _aMercadotecnia
_xAspectos psicológicos
_936081
650 4 _aPensamiento creativo
_936082
942 _2lcc
_cB
999 _c21266
_d21266